| 000 | 01201cam a22002413a 4500 | ||
|---|---|---|---|
| 001 | 5324 | ||
| 003 | PGUSA | ||
| 005 | 20140828083118.0 | ||
| 008 | 040301s2004||||xxu|||||s|||||000 | eng d | ||
| 040 |
_aPGUSA _beng |
||
| 042 | _adc | ||
| 050 | 4 | _aGR | |
| 100 | 1 |
_aBaring-Gould, S. _q(Sabine), _d1834-1924 |
|
| 245 | 1 | 4 |
_aThe Book of Were-Wolves _h[electronic resource] / _cS. Baring-Gould |
| 260 |
_bProject Gutenberg, _c2004 |
||
| 505 | 0 | _aIntroductory -- Lycanthropy among the ancients -- The were-wolf in the North -- The origin of the Scandinavian were-wolf -- The were-wolf in the Middle Ages -- A chapter of horrors -- Jean Grenier -- Folk-lore relating to were-wolves -- Natural causes of lycanthropy -- Mythological origin of the were-wolf myth -- The Maréchal de Retz: I. The investigation of charges -- The Maréchal de Retz: II. The trial -- The Maréchal de Retz: III. The sentence and execution -- A Galician were-wolf -- Anomalous case: The human hyena -- A sermon on were-wolves. | |
| 506 | _aPublic domain in the USA. | ||
| 516 | _aElectronic text | ||
| 653 | _aWerewolves | ||
| 830 | 0 |
_aProject Gutenberg _v5324 |
|
| 856 | 4 | 0 | _uhttp://www.gutenberg.org/ebooks/5324 |
| 942 | _cEB | ||
| 999 |
_c234653 _d234653 |
||